000 00586nam a2200193 i 4500
001 21104
003 ES-MaACL
005 20240823063038.0
007 t|
008 021121s1922 fr ||||1| fre d
100 1 _aAchard, Charles,
_d1860-1944
_9155057
245 1 0 _aExamen fonctionnel du poumon /
_cpar Ch. Achard et Leon Binet.
260 _aParis :
_bMasson et Cie,
_c1922 (
_eCahors :
_fCoueslant)
300 _a154 p. :
_bil. ;
_c24 cm.
650 4 _aPulmones.
_9147032
700 0 _aBinet, Léon.
_928919
852 _aES-MaACL
_jE-854
999 _c21104
_d21104